| 000 | 00770nam a2200217 a 4500 | ||
|---|---|---|---|
| 003 | 0 | ||
| 005 | 20250201092329.0 | ||
| 008 | 130901s19uu xx 00 eng d | ||
| 050 |
_aPGS GV 709.2 _b.D654 2013 |
||
| 100 | _aDoga-ojo, Kathlyn. | ||
| 245 |
_aSports involvement and good health / _cKathlyn Doga-ojo. |
||
| 260 |
_aLas PiƱas City, Philippines : _bSouthville International School and Colleges, _c2013. |
||
| 300 |
_a31 p. : _bill. ; _c28 cm. |
||
| 504 | _aIncludes bibliographical references. | ||
| 650 |
_aSports for children _vHealth aspects. |
||
| 650 | _aExercise for children. | ||
| 650 | _aPhysical fitness for children. | ||
| 650 |
_aSchool sports _vHealth aspects. |
||
| 650 |
_aChild health _vEffects of physical activity. |
||
| 942 |
_2lcc _cPASS |
||
| 999 |
_c99079 _d99079 |
||